Представление документа в формате MARC21

Поле Инд. ПП Название Значение
Тип записи a
Библиографический уровень b
001 Контрольный номер RU/IS/BASE/102534612
005 Дата корректировки 20211115145842.6
084 a Индекс другой классификации/Индекс ББК 53.6; 28.071.6-38
100 1_ a Автор Красавин Е. А.
245 10 a Заглавие Радиобиологические исследования в ОИЯИ
504 a Библиография Библиогр.: с. 529 (2 назв.)
650 04 a Основная рубрика биология
a Основная рубрика биофизика
a Основная рубрика клиническая медицина
a Основная рубрика медицина
a Основная рубрика медицинская радиология
a Основная рубрика радиобиология
653 0_ a Ключевые слова XX век
a Ключевые слова Дубна
a Ключевые слова ионизирующее излучение
a Ключевые слова Московская область
a Ключевые слова мутагенез
a Ключевые слова Объединенный институт ядерных исследований (ОИЯИ)
a Ключевые слова онкологические заболевания
a Ключевые слова радиобиологические исследования
a Ключевые слова Россия
a Ключевые слова хромосомные аберрации
a Ключевые слова цитогенетические исследования
773 18 t Заглавие источника Радиационная биология. Радиоэкология
d Дата издания источника 2001
g Прочая информация Т. 41, № 5. - С. 528 - 529
w Контрольный № источника RU/IS/BASE/102534318
901 t Тип документа b